000 00940cam a2200289 i 4500
001 4680210
003 EG-ScBUE
005 20250717083417.0
008 820113s2007 ii a f 000 0 eng d
020 _a8122410367
020 _a9788122410365
040 _aDLC
_beng
_erda
_cDLC
_dDLC
_dOCoLC
_dEG-ScBUE
082 0 4 _a541.38
_222
_bARN
100 1 _aArnikar, Hari Jeevan,
_eauthor.
245 1 0 _aNuclear chemistry through problems /
_cHari Jeevan Arnikar, professor emeritus of chemistry, Nilima Shivadatta Rajurkar.
250 _aFirst edition.
264 1 _aNew Delhi :
_bNew age international,
_c2007
300 1 _a164 pages :
_billustrations ;
_c26 cm.
336 _2rdacontent
_atext
_btxt
337 _aunmediated
_2rdamedia
_bn
338 _avolume
_bnc
_2rdacarrier
490 0 _aNew age
650 7 _aNuclear chemistry.
_2BUEsh
655 _vReading book
700 1 _aLoveland, Walter D.,
_eauthor.
_941916
942 _2ddc
_cBB
999 _c10650
_d10650